| 000 | 00860 a2200169 4500 | ||
|---|---|---|---|
| 003 | NUST | ||
| 005 | 20221208183159.0 | ||
| 040 | _cNust | ||
| 082 | _a297.5,GHA | ||
| 100 |
_aGhazzali, Imam _9104497 |
||
| 245 |
_aRevival Of Religious Learnings : _bIhya Ulum-id-din (Vol-3) / _cImam Ghazzali's and translated by Fazl-ul-Karim |
||
| 260 |
_aKarachi _bDarul - Ishaat |
||
| 300 | _a436:p .: | ||
| 505 | _aSoul And Its Attributes (Page-7), Riazat Or Efforts For Good Conduct In The Ways Of God (Page-47), Harms Of Greed And Sexual Passion (Page-69), Harms Of Tongue (Page-91), Harms Of Anger, Hatred And Envy (Page-127), Evils Of The World (Page-153), Evils Of Wealth And Miserliness (Page-175), Evils Of Power And Show (Page-209), Evils Of Pride And Self Praise (Page-249), Evils Of Erroneous Belief (Page-280). | ||
| 650 | _aIslam | ||
| 942 |
_2ddc _cBK _k297.5,GHA |
||
| 999 |
_c185416 _d185416 |
||